书目信息 |
| 题名: |
吕氏春秋校释
|
|
| 作者: | 陈奇猷 校释 | |
| 分册: | 一 | |
| 出版信息: | 上海 学林出版社 1984.4 |
|
| 页数: | 420页 | |
| 开本: | 20cm | |
| 丛书名: | ||
| 单 册: | ||
| 中图分类: | B229.2 | |
| 科图分类: | ||
| 主题词: | 吕不韦--哲学 , 吕不韦 | |
| 电子资源: | ||
| ISBN: | ||
| 000 | 00585nam0 2200217 45 | |
| 001 | 0211071608 | |
| 005 | 20050519113308.0 | |
| 010 | @dCNY8.05 | |
| 091 | @a2259.001 | |
| 100 | @a20021107d1984 km y0chiy0120 ea | |
| 101 | 0 | @achi |
| 105 | @a z 000yy | |
| 200 | 1 | @a吕氏春秋校释@ALu Shi Chun Qiu Xiao Shi@h一@f陈奇猷校释@FChen Qi You Xiao Shi |
| 210 | @a上海@c学林出版社@d1984.4 | |
| 215 | @a420页@c冠图:画像@d20cm | |
| 606 | 0 | @a吕不韦@x哲学 |
| 606 | 0 | @a吕不韦 |
| 690 | @aB229.2@v3 | |
| 701 | 0 | @a陈奇猷@4校释 |
| 801 | @aCN@bTSTC@c20031027 | |
| 905 | @dB229.2@e29:1@f1@b159608 | |
| 吕氏春秋校释.一/陈奇猷校释.-上海:学林出版社,1984.4 |
| 420页:冠图:画像;20cm |
| ISBN :CNY8.05 |
| ● |
| 相关链接 |
|
|
|
|
正题名:吕氏春秋校释
索取号:B229.2/29:1
 
预约/预借
| 序号 | 登录号 | 条形码 | 馆藏地/架位号 | 状态 | 备注 |
| 1 | 0109460 | 001835535 | 密集书库/ [索取号:B229.2/29:1] | 在馆 | |
| 2 | 0109461 | 001517264 | 密集书库/ [索取号:B229.2/29:1] | 在馆 | |
| 3 | 0159606 | 000513046 | 第一借阅区/ [索取号:B229.2/29:1] | 在馆 | |
| 4 | 0159607 | 001620115 | 密集书库/ [索取号:B229.2/29:1] | 在馆 | |
| 5 | 0159608 | 002049535 | 第一样本阅览室/ [索取号:B229.2/29:1] | 在馆 |